| 000 | 00992nam a22002657a 4500 | ||
|---|---|---|---|
| 001 | 5588 | ||
| 003 | FISKH | ||
| 005 | 20250116161616.0 | ||
| 008 | 241219b cb ||||| |||| 00| 0 eng d | ||
| 020 | _a9780545859059 | ||
| 040 |
_aFISKH _beng _cFISKH _dFISKH |
||
| 050 | _aPZ7.D38 | ||
| 082 | _a741.5973 | ||
| 100 | _aDavis, Eleanor | ||
| 245 |
_aThe secret science Alliance and the Copycat Crook / _cby Eleanor Davis |
||
| 260 |
_aNew York : _bScholastic ; _c2009. |
||
| 300 |
_a150 pages : _bcolor illustrations ; _c22 cm . |
||
| 505 | _aJ | ||
| 520 | _aEleven-year-old Julian Calendar thought changing schools would mean leaving his "nerdy" persona behind, but instead he forms an alliance with fellow inventors Greta and Ben and works with them to prevent an adult from using one of their gadgets for nefarious purposes. | ||
| 521 | 8 |
_a470
_bLexile GN |
|
| 521 | 8 |
_aJ
_bRaz-Plus |
|
| 700 |
_aLind, John _eBook designer |
||
| 942 |
_2ddc _cBK _n0 |
||
| 999 |
_c5588 _d5588 |
||